Princes of Wallachia - Statistics

General Stats
  • This quiz has been taken 32 times
  • The average score is 74 of 141
Answer Stats
Reign Answer % Correct
1532 – 1535 VII Vlad
95%
1436 – 1442 II Vlad the Dragon
95%
1443 – 1447 II Vlad the Dragon
95%
1530 – 1532 VI Vlad the Drowned
95%
1456 – 1462 III Vlad the Impaler
95%
1476 – 1477 III Vlad the Impaler
95%
1481 IV Vlad the Monk
95%
1482 – 1495 IV Vlad the Monk
95%
1394 – 1397 I Vlad the Usurper
95%
1510 – 1512 V Vlad the Younger
95%
1377 – 1383 I Radu
76%
1523 – 1524 VI Radu
76%
1535 – 1545 VII Radu
76%
1601 – 1602 IX Radu
76%
1602 – 1610 X Radu
76%
1611 IX Radu
76%
1611 X Radu
76%
1611 – 1616 IX Radu
76%
1620 – 1623 IX Radu
76%
1632 XI Radu
76%
1664 – 1669 Radu Leon
76%
1521 – 1523 V Radu of Afumati
76%
1524 V Radu of Afumati
76%
1524 – 1525 V Radu of Afumati
76%
1525 – 1529 V Radu of Afumati
76%
1420 – 1422 II Radu the Bald
76%
1426 – 1427 II Radu the Bald
76%
1552 – 1553 VIII Radu the Cowherd
76%
1462 – 1473 III Radu the Fair
76%
1473 – 1474 III Radu the Fair
76%
1474 III Radu the Fair
76%
1474 – 1475 III Radu the Fair
76%
1495 – 1508 IV Radu the Great
76%
1802 Alexandru Sutu
67%
1818 – 1821 Alexandru Sutu
67%
1730 – 1731 Mihai Racovita
67%
1741 – 1744 Mihai Racovita
67%
1783 – 1786 Mihai Sutu
67%
1790 – 1793 Mihai Sutu
67%
1801 – 1802 Mihai Sutu
67%
1774 – 1782 Alexander Ypsilantis
62%
1796 – 1797 Alexander Ypsilantis
62%
1431 – 1436 I Alexandru
62%
1568 – 1577 II Alexandru
62%
1616 – 1618 IV Alexandru
62%
1627 – 1629 IV Alexandru
62%
1766 – 1768 I Alexandru Ghica
62%
1834 – 1842 II Alexandru Ghica
62%
1856 – 1858 II Alexandru Ghica
62%
1859 – 1862 Alexandru Ioan Cuza
62%
1793 – 1796 Alexandru Moruzi
62%
1799 – 1801 Alexandru Moruzi
62%
1592 – 1593 III Alexandru the Bad
62%
1623 – 1627 V Alexandru the Child Prince
62%
1753 – 1756 Constantin Racovita
62%
1763 – 1764 Constantin Racovita
62%
1352 – 1364 Nicolae Alexandru
62%
1654 – 1658 I Constantin
57%
1668 – 1714 Constantin Brancoveanu
57%
1848 Constantin Cantacuzino
57%
1797 – 1799 Constantin Hangerli
57%
1730 Constantin Mavrocordat
57%
1731 – 1733 Constantin Mavrocordat
57%
1735 – 1741 Constantin Mavrocordat
57%
1744 –1748 Constantin Mavrocordat
57%
1756 – 1758 Constantin Mavrocordat
57%
1761 – 1763 Constantin Mavrocordat
57%
1802 – 1806 Constantin Ypsilanti
57%
1442 – 1443 II Basarab
52%
1529 VI Basarab
52%
1310 – 1352 I Basarab the Founder
52%
1473 III Basarab the Old
52%
1474 III Basarab the Old
52%
1474 III Basarab the Old
52%
1475 – 1476 III Basarab the Old
52%
1477 III Basarab the Old
52%
1477 – 1481 IV Basarab the Young Impaler
52%
1481 – 1482 IV Basarab the Young Impaler
52%
1812 – 1818 Ioan Gheorghe Caragea
52%
1716 – 1719 Ioan Mavrocordat
52%
1509 – 1510 III Mircea the Dragon
52%
1386 – 1394 I Mircea the Elder
52%
1397 – 1418 I Mircea the Elder
52%
1545 – 1552 IV Mircea the Shepherd
52%
1553 – 1554 IV Mircea the Shepherd
52%
1557 – 1559 IV Mircea the Shepherd
52%
1442 II Mircea the Younger
52%
1512 – 1521 Neagoe Basarab
52%
1842 – 1848 Gheorghe Bibescu
48%
1673 – 1678 Gheorghe Ducas
48%
1659 – 1660 Gheorghe Ghica
48%
1593 – 1600 II Mihail the Brave
48%
1715 – 1716 Nicolae Mavrocordat
48%
1719 – 1730 Nicolae Mavrocordat
48%
1599 – 1600 Nicolae
43%
1782 – 1783 Nicolae Caragea
43%
1786 – 1789 Nicolae Mavrogheni
43%
1818 Grigore Brancoveanu
38%
1583 – 1585 II Petru
38%
1559 – 1568 I Petru the Younger
38%
1714 – 1715 Stefan Cantacuzino
38%
1364 – 1377 I Vladislav
38%
1447 – 1456 II Vladislav
38%
1523 III Vladislav
38%
1524 III Vladislav
38%
1525 III Vladislav
38%
1822 – 1828 IV Grigore
33%
1660 – 1664 I Grigore Ghica
33%
1672 – 1673 I Grigore Ghica
33%
1733 – 1735 II Grigore Ghica
33%
1748 – 1752 Grigore Ghica
33%
1768 – 1769 III Grigore Ghica
33%
1658 – 1659 Mihnea
33%
1508 – 1509 I Mihnea the Bad
33%
1577 – 1583 II Mihnea the Turk
33%
1585 – 1591 II Mihnea the Turk
33%
1764 – 1765 Stefan Racovita
33%
1383 – 1386 I Dan
29%
1422 – 1426 II Dan the Brave
29%
1427 – 1431 II Dan the Brave
29%
1752 – 1753 Matei Ghica
29%
1678 –1668 Serban Cantacuzino
29%
1591 – 1592 I Stefan the Deaf
29%
1632 – 1653 Matei
24%
1418 – 1420 I Mihail
24%
1758 – 1761 Scarlat Ghica
14%
1765 – 1766 Scarlat Ghica
14%
1821 Tudor Vladimirescu
14%
1616 Gabriel
10%
1618 – 1620 Gabriel
10%
1629 – 1632 Leon
10%
1821 Scarlat Callimachi
10%
1669 – 1672 Antonie Voda
5%
1848 – 1853 Barbu Stirbei
5%
1854 – 1856 Barbu Stirbei
5%
1770 – 1771 Emanuel Giani Ruset
5%
1529 – 1530 Moise
5%
1554 – 1557 Patrascu the Good
5%
1600 –1601 Simion
5%
1602 Simion
5%
1521 Teodosie
5%
No matching quizzes found
Score Distribution
Percent of People with Each Score
Percentile by Number Answered
Your Score History
You have not taken this quiz